00472nam a2200193 a 4500001001300000003000900013005001700022008004100039020000800080082001300088100001600101245002700117260003800144300000900182500003500191505001700226650001900243700001600262nice12345678IN_TiNIC20260116012034.0050524s1934 lona grp 000 0 eng  ac000a933bGOU aGoudge, H L aBritish Israel Theory. aLondonbA.R Mowbray and Co.c1934 a100p aincludes index and biblioraphy2 abibliography aIsrael-History1 aGoudge, H L